| 000 | 00690nam a2200181 i 4500 | ||
|---|---|---|---|
| 001 | 135155 | ||
| 003 | ES-MaACL | ||
| 005 | 20230906194822.0 | ||
| 007 | t| | ||
| 008 | 070711s1946 sp ||||1| spa d | ||
| 100 | 1 |
_aTomé Bona, Javier María. _9110546 |
|
| 245 | 1 | 0 |
_aDermatología de los obreros de la construcción / _cpor Javier María Tomé Bona. |
| 260 |
_a[Madrid : _bPublicaciones del Instituto Nacional de Previsión, _c1946] |
||
| 300 |
_a32 p. ; _c22 cm. |
||
| 500 | _aPublicado en el boletín de información del Instituto Nacional de Previsión n. 10 y 11 de 1945. | ||
| 710 | 1 |
_aInstituto Nacional de Previsión (España) _95180 |
|
| 852 |
_aES-MaACL _j1855-F-11 _bR.24441 |
||
| 999 |
_c135155 _d135155 |
||